00372nam a2200157Ia 4500008004000000041000800040082001200048100001700060245003200077260005300109440000800162650000800170650001300178650000800191650001500199210210b1909 xxu||||| |||| 00| 0 eng d aeng a822/911 aNEWMAN (J H) aHistorical sketches Vol III aLondonbLongmans Green and Company Limitedc1909 aIII aVol asketches aIII aHistorical